1700 1321 1846 1223 1928 1912 1451 1330 1670 1992 1604 1092 1265 1735 1245 1695 1012 1711 1234 1732 1466 1381 1978 1831 1290 1340 1889 1774 1564 1640 1332 1755 1350 1204 1400 1746 1579 1783 1839 1203 1436 1024 1976 1479 1307 1349 1453 1986 1571 1388 1125 1837 1261 1261 1232 1229 1008 1993 1052 1525 1590 2000 1979 1847 1175 1520 1369 1005 1975 1731 1732 1876 1214 1726 1340 1626 1123 1974 1611 1652 1055 1087 1527 1056 1361 1710 1748 1834 1454 1228 1809 1724 1479 1035 1517 1877 1858 1998 1058 BCNSPRNW ULIB Ver.6.0+V

เปลี่ยนเป็นภาษาไทย

Change to English
 แสดงรายละเอียดบรรณานุกรม
  กลับหน้าหลัก

Brief Record : Get Marc (ISO 2709) : E-mail record : QR code < ปิดหน้าต่าง
LEADER : 00000nam 2200000uu 4500
001    13399119967
003     ULIB
008    120817s2555||||th 000 0 tha d
020    ^a9789747560411
060 04 ^aQW805^bค695
245 00 ^aคู่มือวัคซีน 2012-2013 และปัญหาที่พบบ่อย /^cบรรณาธิการ, วีระชัย วัฒนวีรเดช, อัจฉรา ตั้งสถาพรพงษ์ และ กุลกัญญา โชคไพบูลย์
260    ^aกรุงเทพฯ :^bราชวิทยากุมารแพทย์แห่งประเทศไทย,^c[2555]
300    ^a418 หน้า;^c19 ซม.
650  4 ^aการฉีดวัคซีน
650  4 ^aวัคซีน
700 0  ^aอัจฉรา ตั้งสถาพรพงษ์,^eบรรณาธิการ
700 0  ^aวีระชัย วัฒนวีรเดช,^eบรรณาธิการ
700 0  ^aกุลกัญญา โชคไพบูลย์,^eบรรณาธิการ
710 2  ^aราชวิทยาลัยกุมารแพทย์แห่งประเทศไทย
945    ^p270^l0^i19224
945    ^p270^l0^i19226
945    ^p270^l0^i19571
945    ^p270^l0^i19655
995    ^aเกษร
999 ^a ใช้งานได้ทุกระบบ
รายการนี้ยังไม่มีแท็ก
คุณยังไม่ได้ล็อกอิน คุณสามารถมีกิจกรรมร่วมกับเว็บไซต์ได้ แต่ต้องล็อกอินก่อน ::
  ล็อกอิน

รายการสื่อสารสนเทศ

ลำดับที่ ประเภท เลขเรียก/บาร์โค้ด สถานที่ สถานะ
1. วิทยาศาสตร์การแพทย์ และสุขภาพ
วิทยาศาสตร์การแพทย์ และสุขภาพ
สถานะ=หนังสือเก่า
QW805 ค695 ฉ.1 
  Barcode: 19224
ห้องสมุดวิทยาเขตนครสวรรค์
►ส่วนจัดเก็บหนังสือเก่า นว.
บนชั้น
  ขอยืม
2. วิทยาศาสตร์การแพทย์ และสุขภาพ
วิทยาศาสตร์การแพทย์ และสุขภาพ
สถานะ=หนังสือเก่า
QW805 ค695 ฉ.2 
  Barcode: 19226
ห้องสมุดวิทยาเขตนครสวรรค์
►ส่วนจัดเก็บหนังสือเก่า นว.
บนชั้น
  ขอยืม
3. วิทยาศาสตร์การแพทย์ และสุขภาพ
วิทยาศาสตร์การแพทย์ และสุขภาพ
สถานะ=หนังสือเก่า
QW805 ค695 ฉ.3 
  Barcode: 19571
ห้องสมุดวิทยาเขตนครสวรรค์
►ส่วนจัดเก็บหนังสือเก่า นว.
บนชั้น
  ขอยืม
4. วิทยาศาสตร์การแพทย์ และสุขภาพ
วิทยาศาสตร์การแพทย์ และสุขภาพ
สถานะ=หนังสือเก่า
QW805 ค695 ฉ.4 
  Barcode: 19655
ห้องสมุดวิทยาเขตนครสวรรค์
►ส่วนจัดเก็บหนังสือเก่า นว.
บนชั้น
  ขอยืม

รายการใกล้เคียง
    หัวเรื่อง [การฉีดวัคซีน]
    หัวเรื่อง [วัคซีน]

BibComment


ยังไม่เคยถูกคอมเมนท์

คอมเมนท์ทรัพยากรรายการนี้
  คอมเมนท์: คู่มือวัคซีน 201..


 Copyright 2026. Bcnsprnw @Library